000 00359nam a2200121Ia 4500
008 240719s9999 xx 000 0 und d
041 _aeng
082 _a828 MUK
100 _aMukhopadhyay, Nilanjan
245 _aThe Demolition And The Verdict: Ayodhya And The Project To Reconfigure India
260 _aDelhi
_bSpeaking Tiger
_c2021
300 _a317 P.; 22 Cm
999 _c41126
_d41126